00597 a2200193 450000100060000002000160000604000240002210000180004624000260006424500210009030000070011136200090011844000130012765000310014094200070017195201040017895201040028299900170038669390 a852624633-X cAnchieta - Itaigara aPuech, Michel10aA vida e a mortelpor10aA vida e a morte a390 a2002 1aScipione 4aLiteratura infanto-juvenil cBK 00104070a88.1b88.1d2023-11-21l0o028.5 PUE VIDp1662/ITAr2023-11-21 20:03:56w2023-11-21yBK 00104070a88.1b88.1d2023-11-21l0o028.5 PUE VIDp1663/ITAr2023-11-21 20:03:56w2023-11-21yBK c69390d69390